Manual de facturacin̤ fiscal nueva versin̤ del CFDI 3.3

Detalles Bibliográficos
Autor principal: Martn̕ez Gutiřrez, Javier
Formato: eBook
Lenguaje:español
Publicado: Ciudad de Mx̌ico: Ediciones Fiscales ISEF, 2017
Materias:
Acceso en línea:Acceso restringido

MARC

LEADER 00000nam a22000007a 4500
005 2018033009319.0
007 cr|||| ||||
008 180330s2017 mx |||||s|||| 00||0 spa d
020 |a 978-368-726-985-4 
035 |a 21274 
040 |a vLex 
090 |c 7604  |d 7604 
100 1 |a Martn̕ez Gutiřrez, Javier 
245 1 0 |a Manual de facturacin̤ fiscal nueva versin̤ del CFDI 3.3  |h [Recurso electrn̤ico] /  |c Javier Martn̕ez Gutiřrez 
256 |a Servicio en ln̕ea 
260 |a Ciudad de Mx̌ico:  |b Ediciones Fiscales ISEF,  |c 2017 
300 |a 1 recurso electrn̤ico 
500 |a ¿Conoces los nuevos requisitos para expedir comprobantes fiscales? Este nuevo MANUAL DE FACTURACIÓN FISCAL NUEVA VERSIÓN DEL CFDI 3.3 te permitir ̀dominar las reglas del juego del Comprobante Fiscal Digital emitidas por el SAT para su deduccin̤ y acreditamiento. Est ̀dirigido a los receptores y tambiň a los emisores del comprobante como las personas fs̕icas que perciben ingresos por sueldos, honorarios, actividad empresarial, arrendamiento y otras, as ̕como personas morales. 
506 1 |a Disponible solo en los productos indicados  |d vLex Global  |d vLex Global (Academic Edition, excluding Law Schools)  |d vLex Global (U.S. Academic Edition, Law Schools)  |d vLex Global (U.S. Academic Edition, excluding Law Schools)  |d vLex Global (Academic Edition, Law Schools) 
650 0 4 |a Derecho Fiscal  |z Mx̌ico 
740 0 |a vLex Libros (Servicio en ln̕ea) 
856 4 0 |u http://vlex.com/source/manual-de-facturacion-fiscal-nueva-version-del-cfdi-3-3-21274  |z Acceso restringido 
942 |c BOOK 
999 0 |a Tax Law